| 000 | 01061cam a2200289Ia 4500 | ||
|---|---|---|---|
| 001 | 20977 | ||
| 003 | GBCCL | ||
| 005 | 20241126110341.0 | ||
| 008 | 870415r19591879miu 000 0 eng d | ||
| 020 | _a0310276306 | ||
| 035 | _a(OCoLC)15536562 | ||
| 040 |
_aUMC _cUMC |
||
| 041 | 0 | _aenggre | |
| 049 |
_aLBBK _c1-3 _aLBBT _aLBBC |
||
| 082 |
_a227.707 _bLIG |
||
| 100 | 1 |
_aLightfoot, Joseph Barber, _d1828-1889. |
|
| 245 | 1 | 0 |
_aSaint Paul's epistles to the Colossians and to Philemon : [commentary] : _ba revised text with introductions, notes and dissertations / _cJ.B. Lightfoot. |
| 260 |
_aGrand Rapids, Mich. : _bZondervan Pub. House, _c1976, c1959. |
||
| 300 |
_aviii, 430 p. ; _c23 cm. |
||
| 440 | 4 | _aThe Zondervan commentary series | |
| 500 | _aReprint. Originally published: Rev. ed. New York? : Macmillan, 1879. | ||
| 630 | 0 | 0 |
_aBible. _pN.T. _pColossians _xCommentaries. |
| 630 | 0 | 0 |
_aBible. _pN.T. _pPhilemon _xCommentaries. |
| 630 | 0 | 0 |
_aBible. _pN.T. _pColossians. _lGreek. _f1959. |
| 630 | 0 | 0 |
_aBible. _pN.T. _pPhilemon. _lGreek. _f1959. |
| 942 |
_2ddc _cBK _01 |
||
| 999 |
_c595 _d595 |
||